000 01774cam a22004694i 4500
003 PE-LiUPU
005 20260407114906.0
008 150625s1997 sp rb 000 0 spa d
020 _a8476459823
035 _a(Sirsi) i9788476459829
040 _aPE-LiUPU
_bspa
_cPE-LiUPU
_erda
049 _aPRUA
082 0 4 _a261.51
_bR83
_221
100 1 _aRopero, Alfonso,
_eautor.
245 1 0 _aFilosofía y cristianismo :
_bpensamiento integral e integrador /
_cAlfonso Ropero.
264 1 _aBarcelona, España :
_bEditorial Clie,
_c1997.
300 _a445 páginas ;
_c24 centímetros.
336 _atext
_2rdacontent
337 _aunmediated
_2rdamedia
338 _avolume
_2rdacarrier
490 0 _aColección pensamiento cristiano ;
_v2
504 _aIncluye bibliografía.
505 0 _aFe y razón, cristianismo y filosofía en relación -- Cristianismo y filosofía, un malentendido -- Peculiaridad de la filosofía española -- Emergencia de la vida en el pensamiento -- Dios y su dolor.
526 _aSEG42
526 _aSEG41
526 _aSEG40
526 _aSEG39
526 _aP94
526 _aP87
526 _aP86
526 _aP85
526 _aP77
526 _aP76
526 _aP35
650 0 0 _aFilosofía cristiana
_95133
942 _2ddc
_cBOOK
949 _a261.51 R83
_wDEWEY
_c1
_i55132
_d2015-11-5
_e2015-11-5
_lCCODEBUL1
_mBUL
_n1
_p14.00
_r0
_sY
_tBOOK
_u2015-6-25
_xTEOLOGIA
_zUNKNOWN
_0COMPRA
_o.STAFF. Colección General
994 _aC0
_bPEPRU
596 _a1
999 _a261.51 R83
_wDEWEY
_c43753
_i55132
_d43753
_e2015-11-5
_f2021-11-10
_g5
_lCCODEBUL1
_mBUL
_n1
_p14.00
_q1
_r0
_sY
_tBOOK
_u2015-6-25
_xTEOLOGIA
_PP35
_0COMPRA
_o.STAFF. Colección Teología
980 _818226
_gJaime Vilcazán Jefe de Análisis Documental